Statistics for Canadian Geography by Letter - M

Click here to take the quiz!

General Stats

  • This quiz has been taken 12 times
  • The average score is 4 of 12

Answer Stats

HintAnswer% Correct
Prairie provinceManitoba
100%
Symbol on the Canadian flagMaple Leaf
100%
Canada's second-largest cityMontreal
100%
The longest river in CanadaMackenzie
33%
Suburb home to Toronto Pearson AirportMississauga
33%
Famous park in the aboveMount Royal
25%
Indigenous group of mixed ancestryMétis
17%
World's largest fresh water islandManitoulin
8%
Toronto suburb with large Asian communityMarkham
8%
Bilingual New Brunswick cityMoncton
8%
Southern Saskatchewan cityMoose Jaw
8%
Quebec islands off the St. LawrenceMagdalen
0%

Score Distribution

Percentile by Number Answered

Percent of People with Each Score

Your Score History

You have not taken this quiz